000 00609nam a2200193 a 4500
003 PILC
005 20150112093439.0
008 100726s19uu xx 00 eng d
020 _a0273646702
050 _aHF 5548.2
_b.H378 2006
082 _aMnSF 658.4038011
_bH24 2001
100 _aHarry, Mike
_917610
245 _aBusiness information :
_ba systems approach /
_cMike Harry
260 _aEssex, England :
_bPearson Education Limited,
_c2006.
300 _a420 pages :
_c23 cm.
650 _aManagement information systems
_914280
650 _aInformation resources management
_917611
942 _2lcc
_cBK
999 _c14681
_d14681